000 00312 a2200133 4500
000 nam a22 7a 4500
100 _aDharamvir
110 _aDharamvir
245 _aFundamentals of Ayurveda and Yoga Therapy
250 _alatest edition
260 _bOxford
_c2025
264 _bOxford
_c2025
942 _cBK
999 _c396238
_d396238